000 00643nam a2200217Ii 4500
001 319
003 CO-ViMGA
008 241108s9999||||xx |||||||||||||| ||und||
020 _a842399077X
040 _aCO-ViMGA
_bspa
_erda
_cCO-ViMGA
041 0 _aspa
082 0 4 _aR 330.03 A52d
100 1 _aArthur Edward Andersen
_945005
245 1 0 _aDiccionario de economía y negocios
264 1 _a[Lugar de publicación no identificado] : Espasa-Calpe, 1999
300 _avolumen
336 _atext
_btxt
_2rdacontent
337 _aunmediated
_bn
_2rdamedia
338 _avolume
_bnc
_2rdacarrier
940 _aidficha_siabuc: 309. -- ficha_no_siabuc:319
999 _c39487
_d39487